| 000 | 00808nam a2200205 i 4500 | ||
|---|---|---|---|
| 001 | 165601 | ||
| 003 | ES-MaACL | ||
| 005 | 20230906213154.0 | ||
| 008 | 981130s1852 sp |||| | spa d | ||
| 080 | _a811.92 | ||
| 100 | 1 |
_aSotos Ochando, Bonifacio. _9107547 |
|
| 245 | 1 | 0 |
_aProyecto y ensayo de una lengua universal y filosófica / _cpor el doctor Don Bonifacio Sotos. |
| 250 | _a2ª ed. | ||
| 260 |
_aMadrid : _b[s.n.], _c1852 ( _fImp. de J. Martín Alegría) |
||
| 300 |
_a112 p. ; _c20 cm. |
||
| 530 | _aDisponible en formato digital. | ||
| 650 | 4 |
_aLenguas artificiales. _9136381 |
|
| 852 | 4 |
_aES-MaACL _jT-9-F-6 _z- Enc. hol. _z- Enc. en un vol. facticio |
|
| 856 | 4 |
_uhttps://patrimoniodigital.castillalamancha.es/es/consulta/registro.do?id=11987 _zPatrimonio Digital de Castilla-La Mancha |
|
| 999 |
_c165601 _d165601 |
||